01118cam a2200289 a 4500001000500000005001700005008004100022020001800063040002300081050002400104082001400128100004700142245003600189250004900225260003800274300002300312490003900335505000600374520019900380521001800579521001800597650001300615906004500628942001500673999001500688952012500703129420230811114934.0040915r20051953nyu c 000 1 eng  a9780261667969 aDLCcDLCdDLCbeng00aPZ7.L58474bSi 200500a[Fic]2221 aLewis, C. S.q(Clive Staples),d1898-1963.14aThe silver chair /cC.S. Lewis. aThis edition published 1996 by Diamond Books aNew York :bHarperCollins,c1953. a191 pages :c18 cm1 aThe chronicles of Narnia ;vBook 6 aO aTwo English children undergo hair-raising adventures as they go on a search and rescue mission for the missing Prince Rilian, who is held captive in the underground kingdom of the Emerald Witch. a840 bLexile aO bRaz-Plus 1aFantasy. a7bcbccorignewd2eepcnf20gy-gencatlg 2ddccBKn0 c1294d1294 00102ddc40708FICa001b001cATKSFd2023-08-11l0oLEW Fic PZ7.N647pFISTKG4B041r2023-08-11 11:49:29w2023-08-11yBK